000
00203 a2200097 4500
001
28772
100
_a
Seth, R
245
_a
The art of spying
260
_a
_b
Barnes and Noble
_c
090
_c
19214
_d
19214
942
_a
NUST-CAE
_c
M
_c
10241
999
_c
263845
_d
263845